| 000 | nam a22 a 4500 | ||
|---|---|---|---|
| 999 |
_c97414 _d97414 |
||
| 003 | BLK | ||
| 005 | 20221211174158.0 | ||
| 008 | 180409b bul|||||r ||||||| ||bul|| | ||
| 010 | _aKNG00102325000 | ||
| 040 | _aBLK | ||
| 041 |
_aBUL _cBUL |
||
| 080 |
_aПазар. Анализ на пазара. Търсене. Предлагане. Конкуренция. Маркетингова логистика _b339.13 _z339.13 |
||
| 100 | 1 |
_aСтоилков, Димитър Василев _eпърви автор _9307170 |
|
| 139 |
_aМаркетинг _bМ 32 |
||
| 245 | 1 | 0 |
_aМаркетинг _bТеория и практика _cДимитър Василев Стоилков |
| 257 | _aBGR | ||
| 260 |
_aСофия _bНаука и изкуство _c1981 |
||
| 300 |
_a215 с. _bсъс сх., табл. _c20 см |
||
| 380 | _a3 | ||
| 650 | 4 |
_aМаркетинг _9161163 |
|
| 653 | _aмаркетинг | ||
| 852 |
_aЦб 107430 _bЦб |
||
| 856 | 4 |
_qpdf _i0.00 _ldisable |
|
| 942 |
_cKNG _n0 _s1 |
||
| 944 |
_aCR _c01.01.1999 _kAB_DOS |
||
| 944 |
_aED _c05.06.2003 |
||